[Event "Tenerife Promocion Agosto 2"]
[Site "Tenerife"]
[Date "2013.09.04"]
[Round "8.3"]
[White "Martin Ortega, Oscar"]
[Black "Perez Martin, Nicanor"]
[Result "1-0"]
[WhiteElo "1903"]
[BlackElo "1585"]
[PlyCount "93"]
[EventDate "2013.08.19"]
[EventType "tourn"]
[EventRounds "9"]
[EventCountry "ESP"]
[SourceTitle "EXT 2024"]
[Source "ChessBase"]
[SourceDate "2023.10.10"]
[SourceVersion "1"]
[SourceVersionDate "2023.10.10"]
[SourceQuality "1"]

1. e4 Nf6 2. e5 Nd5 3. d4 c5 4. c3 Nc6 5. Bc4 Nb6 6. Bb3 e6 7. Nf3 d5 8. 0-0 cxd4 9. cxd4 Be7 10. Nc3 Bd7 11. a3 0-0 12. Bf4 f6 13. exf6 Bxf6 14. Bd6 Be7 15. Bg3 Be8 16. Re1 Qd7 17. Qe2 Bf7 18. Rad1 Rae8 19. Bc2 Nc4 20. Bd3 Nd6 21. b4 Bf6 22. Be5 Bxe5 23. Nxe5 Nxe5 24. dxe5 Nf5 25. Bb5 Qd8 26. Bxe8 Bxe8 27. Nb5 Qb6 28. Nd6 Bg6 29. Nxf5 Rxf5 30. Qe3 Qxe3 31. Rxe3 Rf7 32. Rc3 h6 33. g3 Rd7 34. Rd4 Bf5 35. a4 Kf7 36. a5 a6 37. Rc5 Kg6 38. Kf1 Be4 39. Ke2 Kf5 40. f4 Kg4 41. Ke3 Kh3 42. Rd2 h5 43. Rc8 Bf5 44. Kd4 h4 45. gxh4 Kxh4 46. Rg2 g6 47. Rh8+ 1-0

[Event "Tenerife Promocion Agosto 2"]
[Site "Tenerife"]
[Date "2013.09.02"]
[Round "7.4"]
[White "Perez Martin, Nicanor"]
[Black "Gonzalez Garcia, Jesus"]
[Result "1-0"]
[WhiteElo "1585"]
[BlackElo "1576"]
[PlyCount "101"]
[EventDate "2013.08.19"]
[EventType "tourn"]
[EventRounds "9"]
[EventCountry "ESP"]
[SourceTitle "EXT 2024"]
[Source "ChessBase"]
[SourceDate "2023.10.10"]
[SourceVersion "1"]
[SourceVersionDate "2023.10.10"]
[SourceQuality "1"]

1. d4 d5 2. c4 dxc4 3. Nc3 Nf6 4. Nf3 Bg4 5. e3 e6 6. Bxc4 Be7 7. h3 Bh5 8. g4 Bg6 9. Qb3 Qc8 10. Bd2 Ne4 11. d5 Nxd2 12. Nxd2 exd5 13. Nxd5 Bd6 14. f4 c6 15. Nc3 b5 16. Be2 f6 17. Nde4 Be7 18. Bf3 Bf7 19. Qc2 Na6 20. a3 Nc7 21. Rd1 Nd5 22. Kf2 0-0 23. Ng3 Rd8 24. Rhe1 Qa6 25. Nxd5 Bxd5 26. Bxd5+ cxd5 27. Qb3 Qb7 28. Nf5 Bc5 29. Kg3 g6 30. Nd4 Bxd4 31. Rxd4 Rd6 32. e4 Rad8 33. e5 fxe5 34. fxe5 Re6 35. a4 a6 36. axb5 Qxb5 37. Qxb5 axb5 38. Kf4 Rf8+ 39. Kg5 Rd8 40. h4 Kg7 41. Kf4 Rf8+ 42. Kg3 Rd8 43. g5 Rc6 44. e6 Rc5 45. Kf4 Rc4 46. Ke5 Rxd4 47. Kxd4 b4 48. Re5 b3 49. Rxd5 Rxd5+ 50. Kxd5 h6 51. Kd6 1-0